[Event "World Rapid Women 2019"]
[Site "Moscow RUS"]
[Date "2019.12.26"]
[Round "1.1"]
[White "Muzychuk, Anna"]
[Black "Solozhenkina, Elizaveta"]
[Result "1-0"]
[WhiteTitle "GM"]
[BlackTitle "WIM"]
[WhiteElo "2537"]
[BlackElo "2329"]
[WhiteFideId "14111330"]
[BlackFideId "34106615"]
[EventDate "2019.12.26"]
[EventType "rapid"]

1. e4 c5 2. Nf3 d6 3. Bb5+ Nd7 4. Ba4 Nf6 5. O-O a6 6. c4 e5 7. d3 h6 8. Nc3 g6
9. a3 Bg7 10. b4 O-O 11. Rb1 Qc7 12. Bd2 b6 13. Ne1 Bb7 14. Nc2 Rfd8 15. Ne3 Nf8
16. f4 exf4 17. Rxf4 Ne6 18. Rxf6 Bxf6 19. Ncd5 Bxd5 20. Nxd5 Bd4+ 21. Kh1 Qa7
22. Bxh6 b5 23. cxb5 axb5 24. Bxb5 Qxa3 25. Bc6 Ra7 26. b5 Kh7 27. b6 Ra6 28.
Bc1 Qa2 29. Bd2 Qxb1 30. Qxb1 Ra1 31. Qxa1 Bxa1 32. Ba5 Rb8 33. Ne3 Nd8 34. Bd5
Nb7 35. Bd2 Bd4 36. Nc4 Kg7 37. h3 Kf8 38. Bf4 Ke7 39. Bxb7 Rxb7 40. Nxd6 Rb8
41. Nf5+ gxf5 42. Bxb8 Kd7 43. exf5 Kc6 44. Bc7 1-0

[Event "World Rapid Women 2019"]
[Site "Moscow RUS"]
[Date "2019.12.26"]
[Round "1.3"]
[White "Lagno, Kateryna"]
[Black "Mikhaylova, Irina"]
[Result "1/2-1/2"]
[WhiteTitle "GM"]
[BlackTitle "WGM"]
[WhiteElo "2547"]
[BlackElo "2288"]
[WhiteFideId "14109336"]
[BlackFideId "4109040"]
[EventDate "2019.12.26"]
[EventType "rapid"]

1. e4 c5 2. Nf3 Nc6 3. d4 cxd4 4. Nxd4 e5 5. Nb5 d6 6. N1c3 a6 7. Na3 b5 8. Nd5
Nge7 9. Bd3 Rb8 10. O-O Ng6 11. c4 b4 12. Nc2 Be7 13. Nce3 Bg5 14. Nf5 Bxc1 15.
Rxc1 O-O 16. Qh5 Nce7 17. g3 Nxd5 18. cxd5 Ne7 19. Ne3 a5 20. b3 Bd7 21. Nc4 Bb5
22. Qe2 Bxc4 23. Rxc4 f5 24. exf5 Nxd5 25. Rh4 Nf6 26. Qe3 Qe7 27. Re1 Rfe8 28.
Rc4 d5 29. Rc6 e4 30. Ba6 Qe5 31. Qg5 Re7 32. Bc8 Rc7 33. Be6+ Kh8 34. Rxc7 Qxc7
35. Rc1 Qd6 36. h3 d4 37. g4 e3 1/2-1/2

[Event "World Rapid Women 2019"]
[Site "Moscow RUS"]
[Date "2019.12.26"]
[Round "1.4"]
[White "Hejazipour, Mitra"]
[Black "Muzychuk, Mariya"]
[Result "0-1"]
[WhiteTitle "WGM"]
[BlackTitle "GM"]
[WhiteElo "2277"]
[BlackElo "2559"]
[WhiteFideId "12505951"]
[BlackFideId "14114550"]
[EventDate "2019.12.26"]
[EventType "rapid"]

1. Nf3 c5 2. e4 e6 3. d4 cxd4 4. Nxd4 Nf6 5. Bd3 Nc6 6. Nxc6 bxc6 7. O-O e5 8.
Qe2 Bc5 9. Be3 Bxe3 10. Qxe3 O-O 11. c4 Qb6 12. Qe2 d6 13. Nc3 Bg4 14. Qc2 Rfd8
15. b3 Rac8 16. h3 Be6 17. Qe2 g6 18. Rac1 Nh5 19. Rfd1 Nf4 20. Qf3 Qa5 21. Bb1
d5 22. exd5 cxd5 23. Nxd5 Bxd5 24. cxd5 Rxc1 25. Rxc1 Qd2 26. Rf1 Rxd5 27. h4
Qe2 28. Qxe2 Nxe2+ 29. Kh2 Rd2 30. Re1 Nc3 31. Kg3 Kg7 32. Kf3 f5 33. Rc1 e4+
34. Ke3 Re2+ 35. Kd4 Nxb1 36. Rxb1 Rxf2 37. g4 fxg4 38. Kxe4 Rxa2 39. Kf4 h5 40.
b4 Ra3 41. b5 Rf3+ 42. Ke4 Rf7 43. Ra1 Rb7 44. Ra5 Rf7 45. Ra6 Kh6 46. Ke3 g3
47. Ra2 Rf5 48. Rb2 Kg7 49. Ke4 Rf2 50. Rb3 g2 51. Rg3 Rb2 52. Rg5 Rxb5 0-1

[Event "World Rapid Women 2019"]
[Site "Moscow RUS"]
[Date "2019.12.26"]
[Round "1.5"]
[White "Khademalsharieh, Sarasadat"]
[Black "Nomin-Erdene, Davaademberel"]
[Result "1-0"]
[WhiteTitle "IM"]
[BlackTitle "IM"]
[WhiteElo "2487"]
[BlackElo "2425"]
[WhiteFideId "12512214"]
[BlackFideId "4900782"]
[EventDate "2019.12.26"]
[EventType "rapid"]

1. Nf3 f5 2. d4 Nf6 3. Bg5 e6 4. e3 d6 5. Nbd2 Nc6 6. c3 h6 7. Bxf6 Qxf6 8. e4
Bd7 9. Bd3 g5 10. exf5 exf5 11. Qe2+ Ne7 12. O-O-O O-O-O 13. Nb3 Nd5 14. g3 Bg7
15. Rhe1 Rhe8 16. Qc2 Kb8 17. Na5 Nb6 18. Nd2 Qf7 19. Kb1 Rc8 20. Nac4 Ba4 21.
b3 Bd7 22. Rxe8 Rxe8 23. Ne3 Rf8 24. f4 gxf4 25. gxf4 Nd5 26. Nxd5 Qxd5 27. Rg1
Bf6 28. Nf1 c5 29. Ne3 Qf3 30. Nc4 cxd4 31. Nxd6 dxc3 32. Rf1 Qh3 33. Nc4 Rg8
34. Ne5 Bxe5 35. fxe5 Rc8 36. Qe2 Be6 37. Bc2 Rd8 38. Rd1 Qh4 39. Rxd8+ Qxd8 40.
Qe3 Qc7 41. Bd3 Qg7 42. Kc2 Qg2+ 43. Qe2 Qxe2+ 44. Bxe2 Kc7 45. Kxc3 Kc6 46. Kd4
b6 47. Bf3+ Kd7 48. Ke3 Ke7 49. Kf4 Kf7 50. Bd1 Ke7 51. Bc2 Kf7 52. Bxf5 Bd5 53.
Be4 Be6 54. Bd3 Ke7 55. Bc4 Bd7 56. b4 Bc8 57. a3 Bd7 58. Bd3 Be6 59. Bf5 Bb3
60. Ke3 Ba2 61. Kf4 Bb3 62. Kg3 Ba2 63. Kg4 Bf7 64. Kh4 Be8 65. Bg4 Bf7 66. Kg3
Be8 67. Kf4 Bf7 68. a4 Bb3 69. a5 Bc4 70. Ke3 Ba2 71. Kd4 Bb3 72. Bf3 Kd7 73.
Bd5 Bd1 74. Ke3 Ke7 75. Kf4 Bc2 76. axb6 axb6 77. Be4 Bb3 78. Bg6 Bd1 79. Ke3
Bb3 80. Kd4 Be6 81. Be4 Kd7 82. h4 Bh3 83. Kc4 Kc7 84. Bf3 Bf5 85. Bd5 Bh3 86.
Bf7 Bf1+ 87. Kd5 Kd7 88. Be6+ Ke7 89. Bc8 Bb5 90. e6 Ba4 91. Bd7 Bd1 92. Kc6
Bf3+ 93. Kxb6 Kd6 94. b5 Bd5 95. Ka7 Bf3 96. b6 1-0

[Event "World Rapid Women 2019"]
[Site "Moscow RUS"]
[Date "2019.12.26"]
[Round "1.6"]
[White "Bykova, Anastasia"]
[Black "Mammadova, Gulnar"]
[Result "0-1"]
[WhiteTitle "WFM"]
[BlackTitle "IM"]
[WhiteElo "2247"]
[BlackElo "2386"]
[WhiteFideId "4164970"]
[BlackFideId "13403508"]
[EventDate "2019.12.26"]
[EventType "rapid"]

1. d4 g6 2. e4 Bg7 3. Nc3 d6 4. Be3 c6 5. Qd2 b5 6. Bd3 Bb7 7. Nf3 Nd7 8. h3
Ngf6 9. Bh6 Bxh6 10. Qxh6 e5 11. O-O-O b4 12. Ne2 Qe7 13. Rhe1 a6 14. Qe3 O-O
15. g4 exd4 16. Nexd4 c5 17. Nb3 Rfe8 18. Na5 Nb6 19. Qf4 Kg7 20. Nxb7 Qxb7 21.
g5 Nh5 22. Qxd6 Rac8 23. Bf1 Re6 24. Qd2 a5 25. Kb1 a4 26. Re3 c4 27. Qxb4 Qc7
28. Qc3+ Kg8 29. a3 Nf4 30. Nh2 Qe7 31. Qd4 Qxg5 32. Nf3 Qe7 33. h4 h6 34. Ree1
c3 35. Qe3 cxb2 36. Nd4 Nfd5 37. exd5 Rxe3 38. Rxe3 Qc5 39. d6 Qxd6 40. Be2 Nd5
41. Nb5 Qc5 0-1

[Event "World Rapid Women 2019"]
[Site "Moscow RUS"]
[Date "2019.12.26"]
[Round "1.7"]
[White "Arabidze, Meri"]
[Black "Enkhtuul, Altan-Ulzii"]
[Result "1-0"]
[WhiteTitle "IM"]
[BlackTitle "WGM"]
[WhiteElo "2435"]
[BlackElo "2200"]
[WhiteFideId "13604040"]
[BlackFideId "4901444"]
[EventDate "2019.12.26"]
[EventType "rapid"]

1. d4 c5 2. d5 d6 3. Nc3 Nf6 4. e4 g6 5. Be2 Bg7 6. Nf3 O-O 7. O-O Na6 8. h3 Nc7
9. a4 Rb8 10. Nd2 b6 11. Nc4 Nd7 12. Bf4 a6 13. Re1 Bb7 14. Bf1 b5 15. axb5 axb5
16. Na5 Ba8 17. Qd2 b4 18. Nd1 Nb5 19. Bh6 Nd4 20. Bxg7 Kxg7 21. c3 bxc3 22.
bxc3 Nb3 23. Nxb3 Rxb3 24. Ne3 Nf6 25. Nc4 Qb8 26. Qc2 Rb7 27. Ra3 Ra7 28. Rb1
Qc7 29. Rab3 Bb7 30. Na3 Ba6 31. Bxa6 Rxa6 32. Rb7 Qa5 33. Nc4 Qa4 34. Qd3 Ra7
35. e5 dxe5 36. Rxa7 Qxa7 37. Nxe5 Qc7 38. Re1 Rd8 39. c4 e6 40. Nc6 Rd7 41. Ne5
Rd6 42. Ng4 exd5 43. Nxf6 Rxf6 44. Qxd5 Qa5 45. Qe5 Qd2 46. f3 Qd4+ 47. Qxd4
cxd4 48. Rd1 Rd6 49. Kf2 Kf6 50. Ke2 Ke5 51. Kd3 Kf4 52. c5 Rd8 53. Rc1 Ke5 54.
c6 Rc8 55. Rc4 Rc7 56. Rc5+ Kd6 57. Kxd4 Rxc6 58. Rxc6+ Kxc6 59. Ke5 Kd7 60. Kf6
Ke8 61. Kg7 h5 62. Kf6 Kf8 63. f4 Kg8 64. f5 Kh7 65. Kxf7 gxf5 66. Kf6 f4 67.
Kg5 Kg7 68. Kxh5 Kf6 69. Kg4 Ke5 70. Kg5 Ke4 71. h4 Ke5 72. h5 Ke6 73. Kxf4 1-0

[Event "World Rapid Women 2019"]
[Site "Moscow RUS"]
[Date "2019.12.26"]
[Round "1.9"]
[White "Bodnaruk, Anastasia"]
[Black "Nebolsina, Vera"]
[Result "1-0"]
[WhiteTitle "IM"]
[BlackTitle "WGM"]
[WhiteElo "2413"]
[BlackElo "2240"]
[WhiteFideId "4181751"]
[BlackFideId "4163591"]
[EventDate "2019.12.26"]
[EventType "rapid"]

1. e4 c5 2. Nc3 Nc6 3. Bb5 Nd4 4. Bc4 e6 5. Nge2 Ne7 6. O-O d5 7. exd5 exd5 8.
Nxd5 Nxd5 9. Nxd4 cxd4 10. Qh5 Be6 11. Re1 Be7 12. Rxe6 O-O 13. Re1 Nb4 14. Bb3
Rc8 15. Qf5 Rc5 16. Qe4 Bd6 17. f4 Rh5 18. g3 d3 19. c3 Bc5+ 20. Kg2 Qd7 21. h4
Nd5 22. Bxd5 Rxd5 23. b4 Bb6 24. Bb2 Rd6 25. Qf3 Rc8 26. a4 a5 27. Re4 h6 28. b5
Bc5 29. Rae1 b6 30. Re7 Qf5 31. Re8+ Rxe8 32. Rxe8+ Kh7 33. Qe4 Qxe4+ 34. Rxe4
Kg6 35. Kf3 h5 36. c4 f6 37. Bc3 Kf5 38. Re7 Kg6 39. Ke4 Rd8 40. f5+ Kh6 41. Re6
Bf2 42. Kf3 Bc5 43. Re4 Kh7 44. g4 hxg4+ 45. Rxg4 Re8 46. Re4 Rd8 47. Rg4 Re8
48. Bd4 Bb4 49. Re4 Rc8 50. Be3 Bc5 51. Bxc5 Rxc5 52. Ke3 Rxf5 53. Kxd3 Rf3+ 54.
Kd4 Ra3 55. Re6 Rxa4 56. Rxb6 Rb4 57. Kc3 Rb1 58. Ra6 f5 59. Rxa5 f4 60. Ra8 g5
61. hxg5 Kg7 62. Ra6 1-0

[Event "World Rapid Women 2019"]
[Site "Moscow RUS"]
[Date "2019.12.26"]
[Round "1.10"]
[White "Sgircea, Silvia-Raluca"]
[Black "Zatonskih, Anna"]
[Result "1/2-1/2"]
[WhiteTitle "WIM"]
[BlackTitle "IM"]
[WhiteElo "2271"]
[BlackElo "2420"]
[WhiteFideId "1213776"]
[BlackFideId "14101572"]
[EventDate "2019.12.26"]
[EventType "rapid"]

1. Nf3 d5 2. e3 Nf6 3. c4 e6 4. Nc3 a6 5. b3 c5 6. Bb2 Nc6 7. cxd5 exd5 8. d4
Bg4 9. Be2 Bd6 10. O-O O-O 11. Rc1 cxd4 12. Nxd4 Bxe2 13. Ncxe2 Ne5 14. Ng3 Re8
15. Ngf5 Bf8 16. Nf3 Nc6 17. Qe2 Qd7 18. N5d4 Nxd4 19. Nxd4 Rad8 20. Rfd1 Bd6
21. Qf3 Be5 22. Rc2 Rc8 23. Rdc1 Rxc2 24. Rxc2 Rc8 25. Qd1 Rxc2 26. Qxc2 h6 27.
h3 Ne4 28. Nf3 Bc7 29. Bd4 f6 30. Nd2 Ng5 31. h4 Ne6 32. Nf3 Qd6 33. g3 Qd7 34.
Kg2 Nf8 35. Bb2 Kf7 36. Nd4 h5 37. Qf5 Qxf5 38. Nxf5 g6 39. Nd4 Be5 40. f4 Bxd4
41. Bxd4 Ne6 42. Bb6 Ng7 43. Kf3 Nf5 44. Bc5 Ke6 45. Bb6 Nd6 46. g4 hxg4+ 47.
Kxg4 f5+ 48. Kg5 Kf7 49. h5 Ne4+ 50. Kh6 gxh5 51. Kxh5 Nc3 52. a3 Ne4 53. Bd4
Nd2 54. b4 b5 55. Kg5 Ke6 56. Bb2 Nc4 57. Bc1 a5 58. bxa5 Nxa5 59. Bd2 Nc4 60.
Bc1 Na5 61. Bd2 Nc4 62. Bc1 Nd6 63. Kg6 Ne4 64. Bb2 Nc5 65. Bd4 Ne4 66. Bb2 Nd6
67. Bd4 Ne4 68. Bb2 Nd2 69. Bd4 Ne4 1/2-1/2

[Event "World Rapid Women 2019"]
[Site "Moscow RUS"]
[Date "2019.12.26"]
[Round "1.11"]
[White "Saduakassova, Dinara"]
[Black "Geller, Anastasiya"]
[Result "1-0"]
[WhiteTitle "IM"]
[BlackTitle "WFM"]
[WhiteElo "2505"]
[BlackElo "2161"]
[WhiteFideId "13700090"]
[BlackFideId "24119059"]
[EventDate "2019.12.26"]
[EventType "rapid"]

1. d4 d5 2. c4 e6 3. Nf3 c6 4. e3 f5 5. Bd3 Nf6 6. O-O Bd6 7. b3 Qe7 8. Bb2 O-O
9. Nc3 Nbd7 10. cxd5 cxd5 11. Nb5 Bb4 12. a3 Ba5 13. Rc1 Ne4 14. b4 Bd8 15. Nxa7
Rxa7 16. Rxc8 Nb6 17. Rc2 Bc7 18. Ne5 Bd6 19. f3 Nf6 20. Qe2 Rfa8 21. e4 dxe4
22. fxe4 fxe4 23. Bxe4 Nxe4 24. Qxe4 Nd5 25. Rcf2 Nf6 26. Qe2 Rc8 27. d5 Nxd5
28. Rf7 Qh4 29. Rxg7+ Kxg7 30. Nf3+ Qf6 31. Bxf6+ Nxf6 32. Qxe6 Rc6 33. Qf5 Bb8
34. Nd4 Rb6 35. Ne6+ Kf7 36. Qxf6+ 1-0

[Event "World Rapid Women 2019"]
[Site "Moscow RUS"]
[Date "2019.12.26"]
[Round "1.12"]
[White "Balaian, Alina"]
[Black "Ushenina, Anna"]
[Result "0-1"]
[WhiteTitle "WIM"]
[BlackTitle "GM"]
[WhiteElo "2243"]
[BlackElo "2416"]
[WhiteFideId "24115347"]
[BlackFideId "14110911"]
[EventDate "2019.12.26"]
[EventType "rapid"]

1. e4 c6 2. d4 d5 3. f3 Qb6 4. a4 e6 5. a5 Qd8 6. c3 dxe4 7. Qc2 c5 8. fxe4 cxd4
9. cxd4 Nc6 10. Bb5 Bb4+ 11. Bd2 Bxd2+ 12. Nxd2 Ne7 13. Ngf3 O-O 14. Nb3 Bd7 15.
O-O Rc8 16. Qd2 b6 17. Bd3 Nxa5 18. Nxa5 bxa5 19. Rxa5 Qb6 20. Rh5 h6 21. Qf2
Ng6 22. e5 Bb5 23. Bxb5 Qxb5 24. Qd2 Rb8 25. Rf2 Rfc8 26. h3 Qb4 27. Qe3 Qb3 28.
Qd2 Rc7 29. Rxh6 gxh6 30. Qxh6 Qd1+ 31. Rf1 Qd3 32. Ng5 Nf8 33. Rf4 Qg6 34. Qh4
Rxb2 35. Rg4 Rcc2 36. Ne4 Rxg2+ 37. Kf1 Rxg4 38. Nf6+ Qxf6+ 39. Qxf6 Rgg2 40.
Qh4 Rgc2 41. Qe1 a5 42. h4 a4 43. h5 a3 44. h6 a2 45. Qg3+ Ng6 0-1

[Event "World Rapid Women 2019"]
[Site "Moscow RUS"]
[Date "2019.12.26"]
[Round "1.14"]
[White "Styazhkina, Anna"]
[Black "Paehtz, Elisabeth"]
[Result "1-0"]
[WhiteTitle "WIM"]
[BlackTitle "IM"]
[WhiteElo "2289"]
[BlackElo "2475"]
[WhiteFideId "24119300"]
[BlackFideId "4641833"]
[EventDate "2019.12.26"]
[EventType "rapid"]

1. e4 c5 2. Nf3 d6 3. d4 cxd4 4. Qxd4 Nf6 5. c4 g6 6. Nc3 Bg7 7. h3 O-O 8. Qe3
Nbd7 9. Be2 b6 10. O-O Bb7 11. Rd1 Qb8 12. Rb1 Re8 13. b4 a6 14. Bb2 e6 15. Rd2
Qc7 16. Rbd1 Rad8 17. Rxd6 Nxe4 18. Nxe4 Bxb2 19. Qd2 Bxe4 20. Qxb2 Nb8 21. Qe5
Rxd6 22. Qxd6 Qb7 23. Ng5 Bc6 24. b5 axb5 25. cxb5 Bd5 26. Bf3 Bxf3 27. Nxf3 Re7
28. Ne5 Kg7 29. a4 f6 30. Nd3 Kf7 31. Nf4 g5 32. Nd3 Nd7 33. Nb4 Nc5 34. Qd8 Re8
35. Qd4 Nxa4 36. Nc6 Nc5 37. Ra1 Nb3 38. Qd3 Nxa1 39. Qxh7+ Kf8 40. Qxb7 1-0

[Event "World Rapid Women 2019"]
[Site "Moscow RUS"]
[Date "2019.12.26"]
[Round "1.15"]
[White "Galliamova, Alisa"]
[Black "Guindy, Esmat Susanne"]
[Result "1-0"]
[WhiteTitle "IM"]
[BlackTitle "WFM"]
[WhiteElo "2438"]
[BlackElo "2120"]
[WhiteFideId "4129725"]
[BlackFideId "1401637"]
[EventDate "2019.12.26"]
[EventType "rapid"]

1. d4 d5 2. c4 e6 3. Nf3 Be7 4. g3 Nf6 5. Bg2 O-O 6. O-O c6 7. Qc2 b6 8. Nbd2
Bb7 9. e4 Na6 10. a3 c5 11. cxd5 exd5 12. e5 Ne4 13. dxc5 Naxc5 14. b4 Ne6 15.
Bb2 Rc8 16. Qb3 Qc7 17. Rac1 Qb8 18. h4 Rfd8 19. Rxc8 Qxc8 20. Rd1 a5 21. Nd4
Nxd2 22. Rxd2 Qd7 23. Kh2 Nxd4 24. Bxd4 Qb5 25. Qe3 axb4 26. axb4 Bxb4 27. Rb2
Qc4 28. e6 f6 29. e7 Re8 30. Qe6+ Kh8 31. Qf7 Bc6 32. Bxf6 gxf6 33. Qxf6+ Kg8
34. Rxb4 Qxb4 35. Qxc6 Qxe7 36. Bxd5+ Kg7 37. Qxb6 Rf8 38. Kg2 Rf5 39. Qd4+ Qf6
40. Qa7+ Kh6 41. Be4 Re5 42. Qxh7# 1-0

[Event "World Rapid Women 2019"]
[Site "Moscow RUS"]
[Date "2019.12.26"]
[Round "1.16"]
[White "Gvetadze, Sofio"]
[Black "Shuvalova, Polina"]
[Result "0-1"]
[WhiteTitle "IM"]
[BlackTitle "WGM"]
[WhiteElo "2301"]
[BlackElo "2446"]
[WhiteFideId "13601440"]
[BlackFideId "24171760"]
[EventDate "2019.12.26"]
[EventType "rapid"]

1. Nf3 Nf6 2. g3 d5 3. Bg2 g6 4. O-O Bg7 5. d3 O-O 6. Nbd2 c5 7. e4 Nc6 8. Re1
h6 9. Qe2 e5 10. c3 Re8 11. Nf1 d4 12. c4 Rb8 13. h3 Be6 14. N3d2 Qc8 15. Kh2 a6
16. Nb3 Nd7 17. f4 Ne7 18. Nbd2 b5 19. b3 Qc7 20. Nf3 bxc4 21. bxc4 Kh7 22. Kh1
Nc6 23. Nh4 exf4 24. gxf4 Bxc4 25. Qd2 Bxd3 26. Qxd3 Nb4 27. Qd2 d3 28. Rb1 c4
29. e5 c3 30. Qf2 Qc4 31. a3 Nc2 32. Rxb8 Rxb8 33. Re4 Qc5 34. Qg3 d2 35. Bxd2
cxd2 36. Nxd2 Nd4 37. Qd3 Qc1+ 38. Kh2 Nc5 39. Qxd4 Nxe4 40. Qxe4 Qxd2 41. f5
Qg5 42. e6 Re8 43. fxg6+ fxg6 44. Qc4 Be5+ 45. Kh1 Rd8 46. Qe2 Rc8 47. Nf3 Rc1+
48. Bf1 Qf6 49. Kg2 Bd6 50. Qd2 Qf4 51. Qxf4 Bxf4 52. e7 Rc8 53. Bxa6 Re8 54.
Bb5 Rxe7 55. a4 Bc7 56. Nd2 Re3 57. h4 h5 58. Nf3 Ra3 59. Be8 Ra2+ 60. Kf1 Kg7
61. Bb5 Bg3 62. Kg1 Kf6 63. Bc6 Bf2+ 64. Kf1 Bb6 65. Ke1 Kf5 66. Be8 Bf2+ 67.
Kf1 Bg3 68. Nd4+ Kf6 69. Ne2 Bxh4 70. Nc3 Ra3 71. Ne4+ Kf5 72. Nd6+ Ke6 73. Nc4
Ra1+ 74. Kg2 Kf6 75. a5 Be1 76. Bb5 Bxa5 77. Ne3 Kg7 78. Kf3 Bc3 79. Bd3 Bf6 80.
Nd5 Ra3 81. Ke2 Be5 82. Ne7 g5 83. Nf5+ Kf6 84. Ne3 Bf4 85. Nc4 Ra1 86. Nb6 Ke5
87. Nd7+ Kd4 88. Bg6 Ra7 89. Nf8 Re7+ 90. Kf3 Re3+ 91. Kf2 h4 92. Bf5 Ra3 93.
Kg2 Ke5 94. Bd7 Rg3+ 95. Kf2 Rd3 96. Bg4 Bg3+ 97. Kg2 Rd2+ 98. Kf3 Rf2+ 0-1

[Event "World Rapid Women 2019"]
[Site "Moscow RUS"]
[Date "2019.12.26"]
[Round "1.17"]
[White "Munguntuul, Batkhuyag"]
[Black "Diakonova, Ekaterina"]
[Result "1-0"]
[WhiteTitle "IM"]
[WhiteElo "2430"]
[BlackElo "2218"]
[WhiteFideId "4900758"]
[BlackFideId "24172936"]
[EventDate "2019.12.26"]
[EventType "rapid"]

1. e4 c6 2. Nc3 d5 3. Nf3 Bg4 4. h3 Bxf3 5. Qxf3 e6 6. Be2 Nf6 7. O-O Bd6 8. d4
dxe4 9. Nxe4 Nxe4 10. Qxe4 Nd7 11. Qg4 g6 12. Bh6 Qe7 13. c4 O-O-O 14. c5 Bc7
15. b4 f5 16. Bg5 fxg4 17. Bxe7 Rde8 18. Bg5 gxh3 19. g3 h6 20. Be3 Nf6 21. Kh2
Nd5 22. b5 Nc3 23. Bd3 cxb5 24. Bxg6 Re7 25. Kxh3 Nd5 26. Bd2 Rg7 27. Bh5 Nf6
28. Bf3 h5 29. Rab1 a6 30. a4 Rhg8 31. Rg1 Ng4 32. Be1 h4 33. gxh4 Nh2 34. Rxg7
Rxg7 35. Bg2 Rd7 36. Bc3 Rf7 37. axb5 Rxf2 38. b6 Bb8 39. c6 bxc6 40. b7+ Kd7
41. Rb6 Nf3 42. Rxc6 Kxc6 43. Be1 Rb2 44. Bxf3+ Kb6 45. h5 Bf4 46. Bg3 Bxg3 47.
Kxg3 Kc7 48. h6 a5 49. h7 1-0

[Event "World Rapid Women 2019"]
[Site "Moscow RUS"]
[Date "2019.12.26"]
[Round "1.18"]
[White "Zhuravleva, Olga"]
[Black "Girya, Olga"]
[Result "0-1"]
[WhiteTitle "WIM"]
[BlackTitle "WGM"]
[WhiteElo "2278"]
[BlackElo "2488"]
[WhiteFideId "4145933"]
[BlackFideId "4195752"]
[EventDate "2019.12.26"]
[EventType "rapid"]

1. e4 c6 2. Nc3 d5 3. Nf3 Bg4 4. h3 Bxf3 5. Qxf3 e6 6. a3 Nf6 7. d3 Nbd7 8. g3
a5 9. Bg2 Bc5 10. O-O O-O 11. Qe2 Qc7 12. Kh1 dxe4 13. Nxe4 Nxe4 14. Qxe4 Qb6
15. Qe2 a4 16. b4 axb3 17. Rb1 Qc7 18. Rxb3 Ra4 19. Bb2 Rfa8 20. Ra1 Bd4 21. c3
Bf6 22. d4 Nb6 23. Bc1 Nd5 24. Rab1 b5 25. Kh2 g6 26. Qc2 h5 27. Qe4 Bg7 28. Kg1
Qa5 29. Qd3 Rc4 30. Bd2 Qd8 31. Bf1 Rca4 32. Bc1 h4 33. Bg2 hxg3 34. fxg3 Qd6
35. Kh2 Qd8 36. Bb2 Bf8 37. Ra1 Bd6 38. Bc1 Qe7 39. Qf3 Kg7 40. Ra2 Qf6 41. Qd3
Qe7 42. Kg1 Qc7 43. Kh2 Kg8 44. Qf3 Qe7 45. Rf2 Bxa3 46. Bh6 Bd6 47. Qg4 Ra2 48.
Rf1 Rc2 49. c4 Raa2 50. Rg1 bxc4 51. Rf3 Qc7 52. h4 Kh7 53. Bg5 f6 54. Bxf6 Nxf6
55. Rxf6 Qg7 56. Qf3 Ra3 57. Qf1 Rxg3 0-1

[Event "World Rapid Women 2019"]
[Site "Moscow RUS"]
[Date "2019.12.26"]
[Round "1.19"]
[White "Atalik, Ekaterina"]
[Black "Goltseva, Ekaterina"]
[Result "0-1"]
[WhiteTitle "IM"]
[BlackTitle "FM"]
[WhiteElo "2462"]
[BlackElo "2297"]
[WhiteFideId "4130189"]
[BlackFideId "24173770"]
[EventDate "2019.12.26"]
[EventType "rapid"]

1. Nf3 d5 2. e3 Nf6 3. c4 e6 4. Nc3 c5 5. cxd5 exd5 6. Bb5+ Nc6 7. d4 cxd4 8.
Nxd4 Bd7 9. O-O Bd6 10. Be2 a6 11. Nxc6 bxc6 12. b3 Qe7 13. Bb2 O-O 14. Na4 a5
15. Rc1 Rad8 16. Bf3 Ne4 17. Qd4 f5 18. Rfd1 Bxh2+ 19. Kf1 Bd6 20. g3 Rf7 21.
Rc2 Qg5 22. Ke2 Be7 23. Qd3 c5 24. Nc3 Bc6 25. a4 Bf6 26. Nb5 Be7 27. Be5 Qg6
28. Bc7 Rd7 29. Bxa5 Bf6 30. Be1 Be5 31. Rcc1 Qe6 32. Qc2 d4 33. exd4 Nxg3+ 34.
fxg3 Bxd4+ 35. Kf1 Bxf3 36. Nxd4 cxd4 37. Rd2 Qh6 38. Rh2 Qa6+ 39. Kg1 Qd6 40.
Bf2 Rc7 41. Qd2 Rxc1+ 42. Qxc1 Rc7 43. Qd2 d3 44. Rh4 Rc2 45. Qe3 Be4 46. Rxe4
fxe4 47. Qxe4 Qd8 48. Bd4 Rc1+ 49. Kg2 d2 50. Qe6+ Kh8 51. Qf7 Rg1+ 52. Kh2 Rh1+
53. Kg2 Qa8+ 54. Kf2 Rf1+ 0-1

[Event "World Rapid Women 2019"]
[Site "Moscow RUS"]
[Date "2019.12.26"]
[Round "1.20"]
[White "Belenkaya, Dina"]
[Black "Socko, Monika"]
[Result "0-1"]
[WhiteTitle "WGM"]
[BlackTitle "GM"]
[WhiteElo "2298"]
[BlackElo "2407"]
[WhiteFideId "24142654"]
[BlackFideId "1106619"]
[EventDate "2019.12.26"]
[EventType "rapid"]

1. e4 c6 2. d3 d5 3. Nd2 g6 4. Ngf3 Bg7 5. g3 e5 6. Bg2 Ne7 7. O-O O-O 8. c3 Nd7
9. b4 a5 10. Bb2 Qb6 11. a3 Rd8 12. Qb3 h6 13. Rfe1 a4 14. Qc2 Qc7 15. d4 exd4
16. Nxd4 Ne5 17. c4 dxc4 18. Nxc4 Bg4 19. Nxe5 Bxe5 20. Nf3 Bxf3 21. Bxf3 b5 22.
Rad1 g5 23. Bg4 Ng6 24. Rc1 Qe7 25. Bxe5 Nxe5 26. Be2 Rd4 27. Kh1 Rad8 28. Red1
Nc4 29. Bxc4 Rxd1+ 30. Rxd1 Rxd1+ 31. Qxd1 Qxe4+ 32. Kg1 bxc4 33. Qd8+ Kg7 34.
Qd2 Qe5 35. Kf1 c3 36. Qd3 Kf6 37. Qf3+ Ke7 38. Qxc6 Qd4 39. Qxa4 Qc4+ 40. Ke1
c2 41. Qa7+ Kf6 42. Qb6+ 0-1

[Event "World Rapid Women 2019"]
[Site "Moscow RUS"]
[Date "2019.12.26"]
[Round "1.21"]
[White "Danielian, Elina"]
[Black "Novikova, Anna"]
[Result "1-0"]
[WhiteTitle "GM"]
[BlackTitle "WIM"]
[WhiteElo "2399"]
[BlackElo "2260"]
[WhiteFideId "13300210"]
[BlackFideId "4146794"]
[EventDate "2019.12.26"]
[EventType "rapid"]

1. Nf3 d5 2. e3 Nf6 3. c4 e6 4. d4 Be7 5. Nc3 O-O 6. Bd3 dxc4 7. Bxc4 c5 8. O-O
cxd4 9. exd4 Nc6 10. Re1 Nb4 11. Ne5 a6 12. Bb3 Nbd5 13. a3 Qd6 14. Qd3 b5 15.
Bg5 Bb7 16. Bc2 g6 17. Qh3 Rac8 18. Bb3 Nxc3 19. bxc3 Bd5 20. Bc2 Nd7 21. Bf4
Nxe5 22. Bxe5 Qc6 23. Re3 f6 24. Bf4 Rf7 25. Qg3 g5 26. h4 h6 27. hxg5 hxg5 28.
Qg4 Rg7 29. Bh2 f5 30. Qh5 Qe8 31. Qxe8+ Rxe8 32. Be5 Rh7 33. a4 Bf8 34. axb5
axb5 35. Bd3 Rb7 36. Rb1 b4 37. c4 Bc6 38. Rg3 Be7 39. Rh3 b3 40. d5 exd5 41.
Bxf5 Bc5 1-0

[Event "World Rapid Women 2019"]
[Site "Moscow RUS"]
[Date "2019.12.26"]
[Round "1.22"]
[White "Khokhlova, Daria"]
[Black "Guichard, Pauline"]
[Result "1/2-1/2"]
[BlackTitle "IM"]
[WhiteElo "2208"]
[BlackElo "2408"]
[WhiteFideId "24182729"]
[BlackFideId "639370"]
[EventDate "2019.12.26"]
[EventType "rapid"]

1. d4 Nf6 2. c4 e6 3. Nc3 Bb4 4. e3 O-O 5. Bd3 c5 6. Nf3 d5 7. O-O cxd4 8. exd4
dxc4 9. Bxc4 b6 10. Bg5 Bb7 11. Ne5 Bxc3 12. bxc3 Nbd7 13. Nxd7 Qxd7 14. Bxf6
gxf6 15. Be2 Rac8 16. Rc1 b5 17. Bf3 Bd5 18. Re1 Kh8 19. Be4 Bxe4 20. Rxe4 Qd5
21. Rf4 Rg8 22. g3 Rg6 23. Qf3 Qxa2 24. Rxf6 Qb2 25. Rf1 Rxc3 26. Qf4 Rxf6 27.
Qxf6+ Kg8 28. Qg5+ Kf8 29. Qd8+ Kg7 30. Qg5+ Kf8 31. Qd8+ 1/2-1/2